00436nam a2200121Ia 4500008004100000024005600041082001700097100007800114245003400192260002500226600002500251650003800276250506s9999 xx 000 0 und d a15B-077-SE, 15B-072-SE, 15B-112-SE & 15B-120-SE a004.3219 MUH aMuhammad Ali, Naymat Sarwar, Muhammad Farrukh Khan and Muhammad Ayub Khan 0aSpeaking Gestures (CODE BOOK) aKarachi:bUIT,c2005 aSoftware Engineering aBachelor of Computer Science (BS)